| 000 | 01523nam0a22003011 4500 | ||
|---|---|---|---|
| 001 | rc\4716858 | ||
| 005 | 20260406120419.0 | ||
| 021 |
_aRU _b[69-5264] |
||
| 035 | _a(NLR Aleph) 008439305 | ||
| 090 |
_a9467686 _c9467687 |
||
| 100 | _a20130416d1968 |||y0rusy50 ca | ||
| 101 | 0 | _arus | |
| 102 | _aRU | ||
| 105 | _aa z |||a| | ||
| 200 | 1 |
_aДраматические произведения _f[Предисл. и пояснит. статьи, с. 225-253, С. Бонди] |
|
| 210 |
_aЛенинград _cДет. лит. [Ленингр. отд-ние] _d1968 |
||
| 215 |
_a254 с. _cил. _d22 |
||
| 225 | 1 |
_aШкольная библиотека _i[Для средней школы] |
|
| 327 | 1 | _aСодерж.: Борис Годунов; Скупой рыцарь; Моцарт и Сальери; Каменный гость; Пир во время чумы; Русалка; Сцены из рыцарских времен | |
| 464 | 0 |
_12001#$aБорис Годунов$aСкупой рыцарь$aМоцарт и Сальери$aКаменный гость$aПир во время чумы$aРусалка$aСцены из рыцарских времен _tСцены из рыцарских времен |
|
| 700 | 1 |
_8rus _7ca _aПушкин _bА. С. _cпоэт _f1799-1837 _gАлександр Сергеевич _3RU\NLR\AUTH\77386 _9110441 |
|
| 702 | 1 |
_aБонди _bС. _4080 |
|
| 801 | 0 |
_aRU _bNLR _gpsbo |
|
| 801 | 1 |
_aRU _bELAR _2rusmarc |
|
| 852 |
_aNLR _j69-5/1113 |
||
| 942 | _cBOOK | ||
| 980 | _aNB | ||